000 00618nam a22001937a 4500
003 OSt
005 20260212022557.0
008 260212b |||||||| |||| 00| 0 eng d
020 _a9789814246118
040 _aDWCL-Main Lib
_cOC
082 _aCirc. 621.3121 K29 2008
100 _aKeljik, Jeff
245 _aElectricity 3 : power generation and delivery
260 _aSingapore :
_bThomson Learning : Delmar Learning,
_cc2008.
300 _ax, 254 pages :
_billustrations ;
_c24 cm.
504 _a1. Includes glossary and index.
650 _aGeneration power.
942 _2ddc
_cBK-CIRC
_eEighth edition.
_mCirc.
_n0
999 _c8360
_d8360